Key concepts in second language acquisition

What does it mean to acquire a language? What is considered a 'second' language in multilingual settings? This practical and comprehensive guide provides an opportunity to consider these issues, providing easy access to concise definitions of key terms and concepts in the study of Second L...

Popoln opis

Shranjeno v:
Bibliografske podrobnosti
Glavni avtor: Loewen, Shawn.
Format: Knjiga
Jezik:Undetermined
Izdano: Basingstoke Palgrave Macmillan 2011
Teme:
Oznake: Označite
Brez oznak, prvi označite!
Thư viện lưu trữ: Trung tâm Học liệu Trường Đại học Cần Thơ
LEADER 00888nam a2200193Ia 4500
001 CTU_224036
008 210402s9999 xx 000 0 und d
020 |c 731000 
082 |a 401.93 
082 |b L827 
100 |a Loewen, Shawn. 
245 0 |a Key concepts in second language acquisition 
260 |a Basingstoke 
260 |b Palgrave Macmillan 
260 |c 2011 
520 |a What does it mean to acquire a language? What is considered a 'second' language in multilingual settings? This practical and comprehensive guide provides an opportunity to consider these issues, providing easy access to concise definitions of key terms and concepts in the study of Second Language Acquisition. 
650 |a Second language acquisition,Second language acquisition,Bổ sung ngôn ngữ thứ hai 
910 |b vdbang 
980 |a Trung tâm Học liệu Trường Đại học Cần Thơ